A History of classical malay literature

Bibliographic Details
Main Author: Winstedt, Richard
Other Authors: Y.A.Talib
Format: Book
Published: Kuala Lumpur : Malasian Branch Of The Royal Asiatic Society , 19--?
Subjects:

MARC

LEADER 00000cam a2200000 7i4500
001 0000002873
002 000003109
005 20000330.0
020 |a 9839961454 
090 0 0 |a 899.2809   |b WIN 
100 1 |a Winstedt, Richard   |f Sir 
245 1 2 |a A History of classical malay literature   |c Sir Richard Winstedt 
260 |a Kuala Lumpur :   |b Malasian Branch Of The Royal Asiatic Society ,   |c 19--? 
300 |a 262p. ;   |c 26cm. 
500 |a MBRAS reprint No.12 
650 0 0 |a Malay literature 
700 0 |a Y.A.Talib 
999 |a 00069234   |b BUKU   |c MALAYSIANA   |e PERPUSTAKAAN KOMUNITI CAW KOTA DAMANSARA 
999 |a 00158348   |b BUKU   |c MALAYSIANA   |e PERPUSTAKAAN KOMUNITI PETALING JAYA 
999 |a 036446   |b BUKU   |c MALAYSIANA   |e PERPUSTAKAAN KOMUNITI PETALING JAYA